| 000 | 00532nam a22001937a 4500 | ||
|---|---|---|---|
| 003 | OSt | ||
| 008 | 260221b1999 |||||||| |||| 00| 0 eng d | ||
| 020 | _a9789353167820 | ||
| 082 |
_a658.4012 _bLEO-E |
||
| 100 | _aLeon, Alexis | ||
| 245 |
_aEnterprise resource planning / _cAlexis Leon. |
||
| 250 | _a4th | ||
| 260 |
_aChennai : _bMcGraw Hill Education, _c1999. |
||
| 300 | _axx, 504 p. ; | ||
| 650 | _aManagement information systems | ||
| 650 | _aEnterprise resource planning | ||
| 650 | _aBusiness planning | ||
| 942 |
_2ddc _cBK |
||
| 999 |
_c21359 _d21359 |
||